Cyber crimes and fraud management / (Record no. 195655)

MARC details
000 -LEADER
fixed length control field 00743nam a2200241Ia 4500
003 - CONTROL NUMBER IDENTIFIER
control field OSt
005 - DATE AND TIME OF LATEST TRANSACTION
control field 20260205112434.0
008 - FIXED-LENGTH DATA ELEMENTS--GENERAL INFORMATION
fixed length control field 210716s2017 xx 000 0 und d
020 ## - INTERNATIONAL STANDARD BOOK NUMBER
International Standard Book Number 9789350593028
040 ## - CATALOGING SOURCE
Transcribing agency AIMIT LIBRARY
041 ## - LANGUAGE CODE
Language code of text/sound track or separate title eng
082 ## - DEWEY DECIMAL CLASSIFICATION NUMBER
Classification number 364.168
Edition number 1
Item number GEEM
100 ## - MAIN ENTRY--PERSONAL NAME
Personal name Geetha, M K.
9 (RLIN) 253714
245 ## - TITLE STATEMENT
Title Cyber crimes and fraud management /
250 ## - EDITION STATEMENT
Edition statement 1st ed.
260 ## - PUBLICATION, DISTRIBUTION, ETC.
Place of publication, distribution, etc. New Delhi :
Name of publisher, distributor, etc. Mac Millan Publishing Company ,
Date of publication, distribution, etc. 2017.
300 ## - PHYSICAL DESCRIPTION
Extent vii,239p. ;
Other physical details PB
Dimensions 24.5 cm
650 ## - SUBJECT ADDED ENTRY--TOPICAL TERM
Topical term or geographic name entry element Protection systems under computer frauds
9 (RLIN) 253715
650 ## - SUBJECT ADDED ENTRY--TOPICAL TERM
Topical term or geographic name entry element Cyber laws and regulatory compliance
9 (RLIN) 253716
650 ## - SUBJECT ADDED ENTRY--TOPICAL TERM
Topical term or geographic name entry element Online transactions
9 (RLIN) 253717
700 ## - ADDED ENTRY--PERSONAL NAME
Personal name Raman, Swapna.
9 (RLIN) 253718
942 ## - ADDED ENTRY ELEMENTS (KOHA)
Source of classification or shelving scheme Dewey Decimal Classification
Koha item type Book
Edition 1st
Call number prefix 364.168 GEEM
Holdings
Withdrawn status Lost status Source of classification or shelving scheme Damaged status Not for loan Collection code Home library Current library Date acquired Source of acquisition Cost, normal purchase price Inventory number Total Checkouts Full call number Barcode Date last seen Cost, replacement price Price effective from Koha item type
    Dewey Decimal Classification     MCA St Aloysius Institute of Management & Information Technology St Aloysius Institute of Management & Information Technology 03/01/2017 Knowledge World 250.00 Bill no:318; Billdt:2017-02-10   364.168 GEEM MCA15166 05/23/2026 195.00 07/16/2021 Book